书目信息 |
| 题名: |
习近平谈治国理政
|
|
| 作者: | 习近平著 , 英文翻译组 译 | |
| 分册: | 第四卷 | |
| 出版信息: | 北京 外文出版社 2022.06 |
|
| 页数: | 658页 | |
| 开本: | 20cm | |
| 丛书名: | ||
| 单 册: | ||
| 中图分类: | D2-0:H | |
| 科图分类: | ||
| 主题词: | 中国共产党 | |
| 电子资源: | ||
| ISBN: | 978-7-119-13094-1 | |
| 000 | 00706nam0 2200217 450 | |
| 001 | 2233181754 | |
| 005 | 20221104091411.92 | |
| 010 | @a978-7-119-13094-1@dCNY80.00 | |
| 100 | @a20220407d2022 km y0chiy0120 ea | |
| 101 | 0 | @achi |
| 102 | @aCN@b110000 | |
| 200 | 1 | @a习近平谈治国理政@AXi Jin Ping Tan Zhi Guo Li Zheng@e英文版@h第四卷@f习近平著,英文翻译组译@FXi Jin Ping Zhu,Ying Wen Fan Yi Zu Yi |
| 210 | @a北京@c外文出版社@d2022.06 | |
| 215 | @a658页@d20cm | |
| 517 | 1 | @a英文版@AYing Wen Ban |
| 606 | 0 | @a中国共产党 |
| 690 | @aD2-0:H@v4 | |
| 701 | 0 | @a习近平著@AXi Jin Ping Zhu@4译 |
| 701 | 0 | @a英文翻译组@AYing Wen Fan Yi Zu@4译 |
| 801 | 0 | @aCN@b河南城建学院图书馆@c20220407 |
| 905 | @dD2-0:H@eX1511:4 | |
| 习近平谈治国理政:英文版.第四卷/习近平著,英文翻译组译.-北京:外文出版社,2022.06 |
| 658页;20cm |
| ISBN 978-7-119-13094-1:CNY80.00 |
| ● |
| 相关链接 |
|
|
|
正题名:习近平谈治国理政
索取号:D2-0:H/X1511:4
 
预约/预借
| 序号 | 登录号 | 条形码 | 馆藏地/架位号 | 状态 | 备注 |
| 1 | 1503983 | 215039839 | 国际教育学院资料室/ [索取号:D2-0:H/X1511:4] | 在馆 |